[Event "Titled Tuesday intern op 30th Apr Early"]
[Site "Chess.com INT"]
[Date "2024.04.30"]
[Round "1"]
[White "Slade, Theodore"]
[Black "Bashirov, Kemal"]
[Result "1-0"]
[WhiteElo "2112"]
[BlackElo "2386"]
[PlyCount "27"]
[EventDate "2024.04.30"]
[EventType "swiss (blitz)"]
[EventRounds "11"]
[EventCountry "USA"]
[SourceTitle "CB19_2024"]
[SourceDate "2024.05.08"]
[SourceVersion "1"]
[SourceVersionDate "2024.05.08"]
[SourceQuality "1"]

1. d4 Nf6 2. c4 e6 3. g3 d5 4. Bg2 dxc4 5. Nf3 Bb4+ 6. Nbd2 0-0 7. Qc2 b5 8. a4 c6 9. axb5 cxb5 10. Ng5 h6 11. h4 Nc6 12. Bxc6 Rb8 13. e3 Nd5 14. Qh7# 1-0

[Event "Titled Tuesday intern op 16th Apr Early"]
[Site "Chess.com INT"]
[Date "2024.04.16"]
[Round "2"]
[White "Slade, Theodore"]
[Black "Cremisi, Daniel Josef"]
[Result "1-0"]
[WhiteElo "2112"]
[BlackElo "2170"]
[PlyCount "85"]
[EventDate "2024.04.16"]
[EventType "swiss (blitz)"]
[EventRounds "11"]
[EventCountry "USA"]
[SourceTitle "CB17_2024"]
[SourceDate "2024.04.24"]
[SourceVersion "1"]
[SourceVersionDate "2024.04.24"]
[SourceQuality "1"]

1. d4 d5 2. c4 e6 3. Nf3 c6 4. e3 Nf6 5. Nc3 Nbd7 6. Qc2 Bd6 7. Be2 0-0 8. 0-0 Qe7 9. b3 b6 10. Bb2 Bb7 11. Rad1 dxc4 12. bxc4 e5 13. Rfe1 Rac8 14. Nh4 g6 15. dxe5 Nxe5 16. f4 Ned7 17. Kh1 Nc5 18. Bd3 Nxd3 19. Rxd3 c5 20. Nd5 Nxd5 21. cxd5 c4 22. Qc3 f6 23. Rd4 Bb4 24. Qc1 Bxe1 25. Qxe1 c3 26. Bxc3 Rfd8 27. d6 Rxd6 28. Bb4 Rcd8 29. Qc3 Rxd4 30. exd4 Qe4 31. h3 Qxd4 32. Qc7 Qd7 33. Qc4+ Bd5 34. Qc3 Qe6 35. Ba3 Rc8 36. Qb4 Qxh3+ 37. Kg1 Qg3 38. Qe7 Qxh4 39. Bb2 Qe1+ 40. Kh2 Qh4+ 41. Kg1 Rc1+ 42. Bxc1 Qe1+ 43. Qxe1 1-0

[Event "Titled Tuesday intern op 13th Feb Late"]
[Site "Chess.com INT"]
[Date "2024.02.13"]
[Round "2"]
[White "Yarullina, Alina"]
[Black "Slade, Theodore"]
[Result "0-1"]
[WhiteElo "2084"]
[BlackElo "2086"]
[PlyCount "58"]
[EventDate "2024.02.13"]
[EventType "swiss (blitz)"]
[EventRounds "11"]
[EventCountry "USA"]
[SourceTitle "CB08_2024"]
[SourceDate "2024.02.21"]
[SourceVersion "1"]
[SourceVersionDate "2024.02.21"]
[SourceQuality "1"]

1. e4 e5 2. Nf3 Nc6 3. Bb5 g6 4. 0-0 Bg7 5. c3 a6 6. Ba4 b5 7. Bc2 d6 8. h3 Nf6 9. d4 0-0 10. d5 Ne7 11. Be3 Bb7 12. Nbd2 c6 13. dxc6 Bxc6 14. a4 Qc7 15. a5 d5 16. Bb6 Qd6 17. Nb3 Rfe8 18. Qd2 Nc8 19. Bc5 Qe6 20. Ng5 Qd7 21. Bb4 h6 22. Nc5 Qc7 23. Nf3 dxe4 24. Ne1 Rd8 25. Qe3 Nd5 26. Qxe4 Nf4 27. Qe3 Nd6 28. Nf3 Nc4 29. Qc1 Ne2+ 0-1

[Event "Titled Tuesday intern op 06th Feb Late"]
[Site "Chess.com INT"]
[Date "2024.02.06"]
[Round "8"]
[White "Van Baar, Esper"]
[Black "Slade, Theodore"]
[Result "1-0"]
[WhiteElo "2208"]
[BlackElo "2086"]
[PlyCount "123"]
[EventDate "2024.02.06"]
[EventType "swiss (blitz)"]
[EventRounds "11"]
[EventCountry "USA"]
[SourceTitle "CB07_2024"]
[SourceDate "2024.02.14"]
[SourceVersion "1"]
[SourceVersionDate "2024.02.14"]
[SourceQuality "1"]

1. e4 e5 2. Nf3 Nc6 3. Bc4 Bc5 4. d3 Nf6 5. 0-0 0-0 6. Re1 Ng4 7. Re2 Kh8 8. h3 f5 9. Nc3 d6 10. exf5 Nf6 11. Ne4 Bxf5 12. Nxc5 dxc5 13. Nxe5 Nxe5 14. Rxe5 Nd7 15. Re1 Qf6 16. Be3 b6 17. d4 cxd4 18. Qxd4 Qg6 19. Kh1 Rad8 20. c3 Nc5 21. Qh4 Nd3 22. Bxd3 Bxd3 23. Qg5 Qxg5 24. Bxg5 Rd5 25. Bh4 Bf5 26. Rad1 Rxd1 27. Rxd1 Be6 28. b3 g5 29. Bg3 c6 30. f3 b5 31. Kg1 Kg8 32. Kf2 Re8 33. Rd4 Kf7 34. Bd6 Bd5 35. c4 bxc4 36. bxc4 Be6 37. a4 Rd8 38. Bc5 Rxd4 39. Bxd4 Bxc4 40. Bxa7 Ke6 41. a5 Kd5 42. Be3 h6 43. h4 gxh4 44. Bxh6 c5 45. Bg5 h3 46. gxh3 Bd3 47. Ke3 c4 48. Kd2 Bf1 49. h4 Bh3 50. Kc3 Bf5 51. Be3 Bd3 52. h5 Kc6 53. a6 Kc7 54. a7 Kb7 55. h6 Ka8 56. Kd4 Kb7 57. Ke5 c3 58. f4 c2 59. f5 Bxf5 60. Kxf5 c1Q 61. Bxc1 Kxa7 62. h7 1-0

[Event "Titled Tuesday intern op 19th Dec Early"]
[Site "Chess.com INT"]
[Date "2023.12.19"]
[Round "1"]
[White "Chigaev, Maksim"]
[Black "Slade, Theodore"]
[Result "1-0"]
[WhiteElo "2621"]
[BlackElo "2073"]
[PlyCount "77"]
[EventDate "2023.12.19"]
[EventType "swiss (blitz)"]
[EventRounds "11"]
[EventCountry "USA"]
[SourceTitle "CB52_2023"]
[SourceDate "2023.12.27"]
[SourceVersion "1"]
[SourceVersionDate "2023.12.27"]
[SourceQuality "1"]

1. e4 e5 2. Nf3 Nc6 3. g3 Nf6 4. d3 d5 5. exd5 Nxd5 6. Bg2 Be7 7. 0-0 0-0 8. Re1 f6 9. d4 exd4 10. Nxd4 Nxd4 11. Qxd4 Nb6 12. Qe4 Bd6 13. Bf4 Bxf4 14. Qxf4 c6 15. Nc3 Bd7 16. Rad1 Re8 17. h4 Rxe1+ 18. Rxe1 Be8 19. a4 Bf7 20. Rd1 Qe7 21. a5 Nd7 22. Qc7 Rd8 23. Qxb7 c5 24. Qxa7 Bh5 25. Rd3 Bg6 26. Re3 Qd6 27. Nd5 Bxc2 28. Qc7 Ne5 29. Qxd6 Rxd6 30. f4 Ng4 31. Re8+ Kf7 32. Re7+ Kf8 33. Rc7 Bb3 34. Rc8+ Kf7 35. Rxc5 Ke8 36. a6 Bxd5 37. Bxd5 Rxa6 38. Bf3 Ne3 39. Kf2 1-0

[Event "Titled Tuesday intern op 19th Dec Early"]
[Site "Chess.com INT"]
[Date "2023.12.19"]
[Round "4"]
[White "Slade, Theodore"]
[Black "Kiseleva, Simona"]
[Result "0-1"]
[WhiteElo "2073"]
[BlackElo "2174"]
[PlyCount "134"]
[EventDate "2023.12.19"]
[EventType "swiss (blitz)"]
[EventRounds "11"]
[EventCountry "USA"]
[SourceTitle "CB52_2023"]
[SourceDate "2023.12.27"]
[SourceVersion "1"]
[SourceVersionDate "2023.12.27"]
[SourceQuality "1"]

1. d4 Nf6 2. c4 e6 3. g3 Bb4+ 4. Nd2 0-0 5. Bg2 d5 6. Ngf3 Nbd7 7. 0-0 Re8 8. c5 Bxd2 9. Bxd2 c6 10. Bf4 Nh5 11. Bd6 g6 12. Qc2 Ng7 13. e4 dxe4 14. Qxe4 Nf5 15. Be5 f6 16. Bf4 g5 17. Be3 Nf8 18. Rfe1 Nxe3 19. Rxe3 Bd7 20. Nd2 e5 21. dxe5 Rxe5 22. Qb4 Rxe3 23. fxe3 Qe7 24. Ne4 Bf5 25. Rf1 Bxe4 26. Bxe4 Re8 27. Bg2 Qxe3+ 28. Kh1 Re7 29. Rxf6 a5 30. Qc4+ Kg7 31. Rf1 Qe6 32. Qd4+ Qe5 33. Qf2 Ng6 34. b3 h5 35. a3 Qe6 36. b4 axb4 37. axb4 Rf7 38. Qd4+ Kh6 39. Ra1 Qe5 40. Qxe5 Nxe5 41. Re1 Nd3 42. Re6+ Kg7 43. Re4 Nf2+ 44. Kg1 Nxe4 45. Bxe4 Re7 46. Bf5 Kf6 47. Bc8 Ke5 48. h4 gxh4 49. gxh4 Kd4 50. Bf5 Rg7+ 51. Kf2 Kc4 52. Bc2 Kxb4 53. Bd1 Rh7 54. Bc2 Rh6 55. Ke3 Kxc5 56. Kf4 b5 57. Kg5 Rh8 58. Bg6 b4 59. Bxh5 Rxh5+ 60. Kxh5 b3 61. Kg5 b2 62. h5 b1Q 63. h6 Qh7 64. Kh5 Kd5 65. Kg5 Ke5 66. Kh5 Kf4 67. Kh4 Qxh6# 0-1

[Event "Titled Tuesday intern op 26th Sep Early"]
[Site "Chess.com INT"]
[Date "2023.09.26"]
[Round "3"]
[White "Slade, Theodore"]
[Black "Matinian, Nikita"]
[Result "0-1"]
[WhiteElo "2027"]
[BlackElo "2421"]
[PlyCount "122"]
[EventDate "2023.09.26"]
[EventType "swiss (blitz)"]
[EventRounds "11"]
[EventCountry "USA"]
[SourceTitle "EXT 2024"]
[Source "ChessBase"]
[SourceDate "2023.10.10"]
[SourceVersion "1"]
[SourceVersionDate "2023.10.10"]
[SourceQuality "1"]

1. d4 Nf6 2. c4 e6 3. g3 Bb4+ 4. Nd2 0-0 5. Bg2 d5 6. Ngf3 b6 7. 0-0 Bb7 8. a3 Be7 9. cxd5 exd5 10. b4 c5 11. bxc5 bxc5 12. Qb3 Qc8 13. dxc5 Nbd7 14. c6 Bxc6 15. Nd4 Rb8 16. Qc3 Ba4 17. Bb2 Qxc3 18. Bxc3 Rfc8 19. Rfc1 g6 20. Bh3 Ne4 21. Nxe4 dxe4 22. e3 h5 23. Kf1 f5 24. Ke1 Ne5 25. Bf1 Bf6 26. Be2 Nf3+ 27. Bxf3 exf3 28. Kd2 Kf7 29. Rab1 Rxb1 30. Rxb1 Rc7 31. Rc1 Rd7 32. Ke1 Rc7 33. Kd2 Rd7 34. Ke1 a6 35. Nxf3 Bxc3+ 36. Rxc3 Rd1+ 37. Ke2 Ra1 38. Nd4 Kf6 39. h4 Ra2+ 40. Kf3 Bd1+ 41. Kg2 Ba4 42. Kf3 Ke5 43. Nc6+ Kd6 44. Nd4 Kd5 45. Kg2 Kd6 46. Nf3 Bc6 47. Rd3+ Kc7 48. Rc3 Kb6 49. Rb3+ Ka5 50. Rc3 Be4 51. Rc4 Rxa3 52. Rc7 Ka4 53. Rg7 a5 54. Rxg6 Rb3 55. Rg5 Kb5 56. Rxh5 a4 57. Rh8 a3 58. Rb8+ Ka4 59. Ra8+ Bxa8 60. h5 a2 61. h6 Rb8 0-1

[Event "Titled Tuesday intern op 19th Sep Early"]
[Site "Chess.com INT"]
[Date "2023.09.19"]
[Round "1"]
[White "Slade, Theodore"]
[Black "Oparin, Grigoriy"]
[Result "0-1"]
[WhiteElo "2027"]
[BlackElo "2681"]
[PlyCount "50"]
[EventDate "2023.09.19"]
[EventType "swiss (blitz)"]
[EventRounds "11"]
[EventCountry "USA"]
[SourceTitle "EXT 2024"]
[Source "ChessBase"]
[SourceDate "2023.10.10"]
[SourceVersion "1"]
[SourceVersionDate "2023.10.10"]
[SourceQuality "1"]

1. d4 d6 2. Nf3 g6 3. c4 Bg7 4. Nc3 Nf6 5. e4 0-0 6. Be2 Nc6 7. d5 Nb8 8. 0-0 Nbd7 9. Be3 a5 10. Nd4 Nc5 11. f3 e6 12. dxe6 fxe6 13. Qd2 e5 14. Nc2 Ne6 15. Rfd1 b6 16. b3 Bd7 17. a3 Nh5 18. Nd5 Nhf4 19. Bf1 g5 20. b4 h5 21. Bf2 g4 22. fxg4 hxg4 23. Nce3 Nd4 24. g3 Nf3+ 25. Kh1 Nxd2 0-1